Ilustraciones (Record no. 15658)

MARC details
000 -LEADER
campo de control de longitud fija 00455ntaaa2200181 4500
003 - IDENTIFICADOR DE NÚMERO DE CONTROL
campo de control 01
005 - FECHA Y HORA DE LA ÚLTIMA TRANSACCIÓN
campo de control 20251027202058.0
008 - DATOS DE LONGITUD FIJA--INFORMACIÓN GENERAL
campo de control de longitud fija 0714s1973 ag 01
040 ## - FUENTE DE CATALOGACIÓN
Centro catalogador/agencia de origen AR-BaBN
Lengua de catalogación spa
Centro/agencia transcriptor AR-BaBN
Normas de descripción aacr
Centro/agencia modificador RIC
082 ## - NÚMERO DE LA CLASIFICACIÓN DECIMAL DEWEY
Número de clasificación 252.0000 N338
100 ## - ENTRADA PRINCIPAL--NOMBRE DE PERSONA
Nombre de persona Neal, C.L.
9 (RLIN) 1621
245 ## - MENCIÓN DEL TÍTULO
Título Ilustraciones
250 ## - MENCION DE EDICION
Mención de edición 1 ed.
260 ## - PUBLICACIÓN, DISTRIBUCIÓN, ETC.
Lugar de publicación, distribución, etc. El Paso :
Nombre del editor, distribuidor, etc. Casa Bautista de Publications,
Fecha de publicación, distribución, etc. s.f.
300 ## - DESCRIPCIÓN FÍSICA
Extensión 422 p
650 ## - PUNTO DE ACCESO ADICIONAL DE MATERIA--TÉRMINO DE MATERIA
Término de materia o nombre geográfico como elemento de entrada sermones-ilustraciones para
9 (RLIN) 19357
942 ## - ELEMENTOS DE ENTRADA SECUNDARIOS (KOHA)
Tipo de ítem Koha Colección General
Holdings
Estatus retirado Estado de pérdida Estado de daño No para préstamo Biblioteca de origen Biblioteca actual Fecha de adquisición Número de inventario Total de préstamos Signatura topográfica completa Código de barras Visto por última vez Precio de reemplazo Tipo de ítem Koha
        Biblioteca Pluis Biblioteca Pluis 27/10/2025 02352   252.0000 N338 02352 27/10/2025 27/10/2025 Colección General
        Biblioteca Pluis Biblioteca Pluis 27/10/2025 19716     19716 27/10/2025 27/10/2025 Colección General